书目信息 |
| 题名: |
微观经济学
|
|
| 作者: | 保罗.萨缪尔森 , 威谦.诺德豪斯 著 ;萧琛...[等] 译 | |
| 分册: | ||
| 出版信息: | 北京 华夏出版社 1999.9 |
|
| 页数: | 347页 | |
| 开本: | 16开 | |
| 丛书名: | ||
| 单 册: | ||
| 中图分类: | F015 | |
| 科图分类: | ||
| 主题词: | 政治经济学--概论 | |
| 电子资源: | ||
| ISBN: | 7-5080-1578-9 | |
| 000 | 00738nam0 2200229 45 | |
| 001 | 0011130986 | |
| 005 | 20031219104047.3 | |
| 010 | @a7-5080-1578-9@dCNY39.00 | |
| 100 | @a20001113d1999 km y0chiy0120 ea | |
| 101 | 0 | @achi |
| 105 | @a z 000yy | |
| 200 | 1 | @a微观经济学@AWei Guan Jing Ji Xue@f(美)保罗.萨缪尔森,威谦.诺德豪斯著@F(Mei)Bao Luo.Sa Miao Er Sen,Wei Qian.Nuo De Hao SiZhu@g萧琛...[等]译 |
| 210 | @a北京@c华夏出版社@d1999.9 | |
| 215 | @a347页@c图@d16开 | |
| 300 | @a书末附:术语释义表 | |
| 606 | 0 | @a政治经济学@x概论 |
| 690 | @aF015@v1 | |
| 701 | 0 | @a保罗.萨缪尔森@4著 |
| 701 | 0 | @a威谦.诺德豪斯@4著 |
| 702 | 0 | @a萧琛...[等]@AXiao Chen...[Deng]@4译 |
| 801 | @aCN@bTSTC@c20001113 | |
| 905 | @b292774-775@dF015@e146=16@f2 | |
| 微观经济学/(美)保罗.萨缪尔森,威谦.诺德豪斯著/萧琛...[等]译.-北京:华夏出版社,1999.9 |
| 347页:图;16开 |
| 书末附:术语释义表 |
| ISBN 7-5080-1578-9:CNY39.00 |
| ● |
| 相关链接 |
|
|
|
|
正题名:微观经济学
索取号:F015/146=16
 
预约/预借
| 序号 | 登录号 | 条形码 | 馆藏地/架位号 | 状态 | 备注 |
| 1 | 0292772 | 002927729 | 第一借阅区/ [索取号:F015/146=16] | 在馆 | |
| 2 | 0292773 | 002927738 | 第一样本阅览室/ [索取号:F015/146=16] | 在馆 | |
| 3 | 0292774 | 002927747 | 第一借阅区/ [索取号:F015/146=16] | 在馆 | |
| 4 | 0292775 | 002927756 | 第一样本阅览室/ [索取号:F015/146=16] | 在馆 |